Natural Resource Endowments, Governance, and the Domestic Revenue Effort : Evidence from a Panel of Countries /

The recent development literature stresses that countries that receive large revenues from natural resource endowments typically raise less revenue from domestic taxation, and that this creates governance problems because the lower domestic tax effort reduces the incentive for the public scrutiny of...

Szczegółowa specyfikacja

Opis bibliograficzny
1. autor: Thornton, John
Kolejni autorzy: Bornhorst, Fabian, Gupta, Sanjeev
Format: Czasopismo
Język:English
Wydane: Washington, D.C. : International Monetary Fund, 2008.
Seria:IMF Working Papers; Working Paper ; No. 2008/170
Hasła przedmiotowe:
Dostęp online:Full text available on IMF
LEADER 01876cas a2200325 a 4500
001 AALejournalIMF005198
008 230101c9999 xx r poo 0 0eng d
020 |c 5.00 USD 
020 |z 9781451870282 
022 |a 1018-5941 
040 |a BD-DhAAL  |c BD-DhAAL 
100 1 |a Thornton, John. 
245 1 0 |a Natural Resource Endowments, Governance, and the Domestic Revenue Effort :   |b Evidence from a Panel of Countries /  |c John Thornton, Fabian Bornhorst, Sanjeev Gupta. 
264 1 |a Washington, D.C. :  |b International Monetary Fund,  |c 2008. 
300 |a 1 online resource (10 pages) 
490 1 |a IMF Working Papers 
500 |a <strong>Off-Campus Access:</strong> No User ID or Password Required 
500 |a <strong>On-Campus Access:</strong> No User ID or Password Required 
506 |a Electronic access restricted to authorized BRAC University faculty, staff and students 
520 3 |a The recent development literature stresses that countries that receive large revenues from natural resource endowments typically raise less revenue from domestic taxation, and that this creates governance problems because the lower domestic tax effort reduces the incentive for the public scrutiny of government. Our results from a panel of 30 hydrocarbon producing countries indicate that the offset between hydrocarbon revenues and revenues from other domestic sources is about 20 percent but that it is invariant to governance indicators. 
538 |a Mode of access: Internet 
650 7 |a GDP  |2 imf 
650 7 |a Hydrocarbon Revenue  |2 imf 
650 7 |a Revenue  |2 imf 
650 7 |a WP  |2 imf 
651 7 |a Kuwait  |2 imf 
700 1 |a Bornhorst, Fabian. 
700 1 |a Gupta, Sanjeev. 
830 0 |a IMF Working Papers; Working Paper ;  |v No. 2008/170 
856 4 0 |z Full text available on IMF  |u http://elibrary.imf.org/view/journals/001/2008/170/001.2008.issue-170-en.xml  |z IMF e-Library